Provincia de Guipúzcoa (Record no. 163665)

MARC details
000 -LEADER
campo de control de longitud fija 00664nam a22001815i 4500
001 - NÚMERO DE CONTROL
campo de control 163665
003 - IDENTIFICADOR DE NÚMERO DE CONTROL
campo de control ES-MaACL
005 - FECHA Y HORA DE LA ÚLTIMA TRANSACCIÓN
campo de control 20230906212802.0
008 - DATOS DE LONGITUD FIJA--INFORMACIÓN GENERAL
campo de control de longitud fija 991122s1896 sp |||| | spa d
040 ## - FUENTE DE CATALOGACIÓN
Centro catalogador/agencia de origen CCPB | B
Lengua de catalogación spa
Centro/agencia transcriptor CCPB | B
100 1# - ENTRADA PRINCIPAL--NOMBRE DE PERSONA
Nombre de persona Roca, Lorenzo.
9 (RLIN) 131905
245 10 - MENCIÓN DEL TÍTULO
Título Provincia de Guipúzcoa
Resto del título : memoria de valoraciones para el año de 1893 /
Mención de responsabilidad, etc. redactada por Lorenzo Roca.
260 ## - PUBLICACIÓN, DISTRIBUCIÓN, ETC.
Lugar de publicación, distribución, etc. Madrid :
Nombre del editor, distribuidor, etc. [s.n.],
Fecha de publicación, distribución, etc. 1896 (
Fabricante Imp., fund. y fáb. de tintas de los hijos de J.A. García)
300 ## - DESCRIPCIÓN FÍSICA
Extensión 282 p. ;
Dimensiones 25 cm.
651 #4 - PUNTO DE ACCESO ADICIONAL DE MATERIA--NOMBRE GEOGRÁFICO
Nombre geográfico Guipúzcoa-
Subdivisión cronológica 1893-
Subdivisión de forma Memorias y balances.
9 (RLIN) 137210
752 ## - ENTRADA AGREGADA--NOMBRE JERÁRQUICO DEL LUGAR
País o entidad superior España -
Ciudad Madrid
852 ## - LOCALIZACIÓN
Ubicación ES-MaACL
Número de control de estantería F-6474
Nota libre -- Rust.
Holdings
Estatus retirado Estado de pérdida Estado de daño No para préstamo Colección Biblioteca de origen Biblioteca actual Ubicación en estantería Fecha de adquisición Fuente de adquisición Total de préstamos Signatura topográfica completa Código de barras Visto por última vez Precio de reemplazo Tipo de ítem Koha
        Libros del s. XIX Biblioteca del Ateneo de Madrid Biblioteca del Ateneo de Madrid Depósito 2 17/01/2008     F-6474 1171508 23/02/2023 23/02/2023 Libro impreso antiguo